000 00527nam a2200205Ia 4500
008 170918s9999 xx 000 0 und d
020 _a9780545344760
050 _bT246 2010
100 _aTaylor, Sarah Stewart
245 _aAmelia Earheart :
245 _bthis broad ocean /
245 _cby Sarah Stewart Taylor ; illustrated by Ben Towle.
260 _aNew York :
260 _bScholastic,
260 _c2010
300 _a78 pages :
300 _bcolored illustration ;
300 _c25cm.
500 _a1080
999 _c342744
_d342744